00350nam a22001217a 450000500170000002000230001703500130004003700130005310000170006624500690008326000530015230000230020520170828164044.0 a812151035Xc250.00 aB-059657 aDPLbENG aRanchan, Som aDurga Rahasya :bA key to the eternal feminine /cby Som Ranchan aNew DelhibMunshiram Manoharlal Publishersc2001 axi, 102p.c22 cms.